[Event "Novosibirsk Sukharev Memorial op"]
[Site "Novosibirsk"]
[Date "2012.07.23"]
[Round "6"]
[White "Antonenko, Vladimir Georgievic"]
[Black "Loginov, Vladislav"]
[Result "0-1"]
[WhiteElo "2138"]
[BlackElo "2166"]
[PlyCount "118"]
[EventDate "2012.07.18"]
[EventType "swiss"]
[EventRounds "9"]
[EventCountry "RUS"]
[SourceTitle "EXT 2013"]
[Source "ChessBase"]
[SourceDate "2012.11.22"]
[SourceVersion "1"]
[SourceVersionDate "2012.11.22"]
[SourceQuality "1"]

1. d4 Nf6 2. c4 c5 3. d5 b5 4. cxb5 a6 5. bxa6 g6 6. Nc3 Bxa6 7. e4 Bxf1 8. Kxf1 d6 9. g3 Bg7 10. Kg2 0-0 11. Nf3 Nbd7 12. a4 Qb6 13. Qe2 Rfb8 14. Nb5 Qa6 15. Ra3 Ne8 16. Re1 Rb7 17. Nd2 Nc7 18. Nc4 Rab8 19. Nxc7 Rxc7 20. a5 Rcb7 21. Qc2 Ne5 22. Ne3 c4 23. Rd1 Rb4 24. Ra2 Rc8 25. Bd2 Rbb8 26. Bc3 Nd3 27. Qd2 Bxc3 28. Qxc3 Qa7 29. a6 Rb3 30. Qd2 Nxb2 31. Rxb2 c3 32. Rc2 cxd2 33. Rxc8+ Kg7 34. Rxd2 Qxa6 35. Rc7 Rb7 36. Rxb7 Qxb7 37. h4 Qb4 38. Rc2 Qxe4+ 39. Kg1 f5 40. Rc4 Qe5 41. Ra4 Kf7 42. Kg2 Qb2 43. g4 fxg4 44. Rxg4 Qe5 45. Kf3 Qh2 46. Rf4+ Ke8 47. Rg4 h5 48. Rxg6 Qxh4 49. Rg8+ Kf7 50. Rg7+ Kf8 51. Rg2 Qh3+ 52. Ke2 h4 53. Kf1 Qh1+ 54. Rg1 Qf3 55. Rg4 h3 56. Kg1 Ke8 57. Rg6 h2+ 58. Kxh2 Qxf2+ 59. Ng2 Qd2 0-1

[Event "Novosibirsk Sukharev Memorial op"]
[Site "Novosibirsk"]
[Date "2011.07.25"]
[Round "9"]
[White "Loginov, Vladislav"]
[Black "Ershov, Kirill"]
[Result "1/2-1/2"]
[WhiteElo "2154"]
[BlackElo "1912"]
[PlyCount "95"]
[EventDate "2011.07.18"]
[EventType "swiss"]
[EventRounds "9"]
[EventCountry "RUS"]
[SourceTitle "EXT 2012"]
[Source "ChessBase"]
[SourceDate "2011.11.24"]
[SourceVersion "1"]
[SourceVersionDate "2011.11.24"]
[SourceQuality "1"]

1. c4 Nf6 2. Nf3 c5 3. Nc3 Nc6 4. d4 cxd4 5. Nxd4 g6 6. e4 d6 7. Be2 Bg7 8. Be3 0-0 9. 0-0 Qc7 10. Rc1 a6 11. Nd5 Qd8 12. f3 Re8 13. Qd2 Nd7 14. Kh1 Nxd4 15. Bxd4 Bxd4 16. Qxd4 b6 17. f4 Bb7 18. Bg4 Bxd5 19. cxd5 b5 20. Rc6 Nf6 21. Bh3 Qa5 22. e5 Nh5 23. f5 Qxa2 24. fxg6 hxg6 25. e6 f5 26. g3 Nf6 27. Bg2 Rac8 28. Rxd6 Rc4 29. Qa7 Qxb2 30. Rxa6 Rc2 31. Qg1 Ng4 32. h3 Rxg2 33. Qxg2 Qxg2+ 34. Kxg2 Ne3+ 35. Kf2 Nxf1 36. Kxf1 Rd8 37. Ra7 Kf8 38. Rd7 Rb8 39. Ke2 b4 40. Kd2 b3 41. Kc1 b2+ 42. Kb1 g5 43. d6 exd6 44. Rf7+ Ke8 45. Rxf5 Ke7 46. Rxg5 Kxe6 47. Ra5 Rb3 48. g4 1/2-1/2

[Event "Novosibirsk Sukharev Memorial op"]
[Site "Novosibirsk"]
[Date "2011.07.24"]
[Round "7"]
[White "Loginov, Vladislav"]
[Black "Bublei, Pavel"]
[Result "0-1"]
[WhiteElo "2154"]
[BlackElo "2301"]
[PlyCount "78"]
[EventDate "2011.07.18"]
[EventType "swiss"]
[EventRounds "9"]
[EventCountry "RUS"]
[SourceTitle "EXT 2012"]
[Source "ChessBase"]
[SourceDate "2011.11.24"]
[SourceVersion "1"]
[SourceVersionDate "2011.11.24"]
[SourceQuality "1"]

1. d4 Nf6 2. c4 c5 3. d5 e6 4. Nc3 exd5 5. cxd5 d6 6. e4 g6 7. Nf3 Bg7 8. Be2 0-0 9. 0-0 Bg4 10. Bf4 a6 11. a4 Bxf3 12. Bxf3 Qc7 13. Qd2 Re8 14. Rfe1 Nbd7 15. Qc2 b6 16. Be2 c4 17. Bf1 Rab8 18. f3 b5 19. axb5 axb5 20. Be3 Nc5 21. Na2 Nb3 22. Rad1 Nd7 23. Nc3 Ndc5 24. Nb1 Na4 25. Nd2 Nxd2 26. Bxd2 Nxb2 27. Rb1 c3 28. Bc1 Nc4 29. Kh1 b4 30. Qa4 Qc5 31. Bd3 Nd2 32. Bxd2 cxd2 33. Red1 Bc3 34. Qb3 Ra8 35. Qc4 Qe3 36. Be2 Ra3 37. Qd3 Qa7 38. Bf1 Rd8 39. Qc2 Qf2 0-1

[Event "Novosibirsk Sukharev Memorial op"]
[Site "Novosibirsk"]
[Date "2010.07.25"]
[Round "8"]
[White "Polyakevich, Stanislav Georgievi"]
[Black "Loginov, Vladislav"]
[Result "0-1"]
[WhiteElo "2323"]
[BlackElo "2142"]
[PlyCount "60"]
[EventDate "2010.07.18"]
[EventType "swiss"]
[EventRounds "9"]
[EventCountry "RUS"]
[SourceTitle "EXT 2011"]
[Source "ChessBase"]
[SourceDate "2010.11.26"]
[SourceVersion "1"]
[SourceVersionDate "2010.11.26"]
[SourceQuality "1"]

1. Nf3 Nf6 2. g3 b6 3. Bg2 Bb7 4. 0-0 c5 5. c4 e6 6. Nc3 Be7 7. d4 cxd4 8. Nxd4 Bxg2 9. Kxg2 Qc8 10. Qd3 Nc6 11. b3 Ne5 12. Qe3 Qb7+ 13. f3 d6 14. Ba3 a6 15. Rad1 0-0 16. Rd2 Nfg4 17. Qg1 Bg5 18. Rfd1 Ne3+ 19. Kf2 Nxd1+ 20. Rxd1 Be7 21. g4 Nc6 22. Ne4 Nxd4 23. Rxd4 Rfd8 24. Bxd6 Bxd6 25. Nxd6 Qc7 26. Qd1 Rd7 27. e4 Rad8 28. e5 Qc5 29. f4 Rxd6 30. exd6 Rxd6 0-1

[Event "Novosibirsk Region-ch final"]
[Site "Novosibirsk"]
[Date "2008.12.12"]
[Round "8"]
[White "Dzhumagaliev, Yan"]
[Black "Loginov, Vladislav"]
[Result "1-0"]
[WhiteElo "2303"]
[BlackElo "2145"]
[PlyCount "49"]
[EventDate "2008.12.05"]
[EventType "swiss"]
[EventRounds "9"]
[EventCountry "RUS"]
[SourceTitle "EXT 2010"]
[Source "ChessBase"]
[SourceDate "2010.11.25"]
[SourceVersion "1"]
[SourceVersionDate "2010.11.25"]
[SourceQuality "1"]

1. Nf3 Nf6 2. c4 c5 3. Nc3 e6 4. e4 d6 5. Be2 b6 6. d4 cxd4 7. Nxd4 Bb7 8. f3 Be7 9. Qa4+ Nfd7 10. 0-0 0-0 11. Be3 a6 12. Rfd1 Qc7 13. Rac1 Nf6 14. b4 Nbd7 15. Qb3 Rac8 16. a3 Qb8 17. Kh1 Bd8 18. Bg1 Kh8 19. Qb2 Rg8 20. Nb3 g5 21. c5 dxc5 22. bxc5 b5 23. Nxb5 axb5 24. Rxd7 Rg7 25. Rxd8+ 1-0

[Event "SibFR-ch U16"]
[Site "Tomsk"]
[Date "2008.11.02"]
[Round "2"]
[White "Loginov, Vladislav"]
[Black "Khatnikov, Alexander"]
[Result "1/2-1/2"]
[WhiteElo "2145"]
[BlackElo "1958"]
[PlyCount "54"]
[EventDate "2008.11.01"]
[EventType "swiss"]
[EventRounds "9"]
[EventCountry "RUS"]
[SourceTitle "EXT 2022"]
[Source "ChessBase"]
[SourceDate "2021.10.06"]
[SourceVersion "1"]
[SourceVersionDate "2021.10.06"]
[SourceQuality "1"]

1. d4 Nf6 2. c4 g6 3. Nc3 Bg7 4. e4 d6 5. Nf3 0-0 6. Be2 e5 7. d5 a5 8. Bg5 h6 9. Bh4 Na6 10. 0-0 g5 11. Bg3 Nh5 12. Nd2 Nf4 13. Bg4 Qf6 14. f3 h5 15. Bxc8 Raxc8 16. a3 Bh6 17. Bf2 Kh8 18. Be3 Rg8 19. Kh1 Qg7 20. g3 Ng6 21. Qe2 Ne7 22. f4 gxf4 23. gxf4 Qg4 24. Qxg4 Rxg4 25. Ne2 f5 26. h3 Rgg8 27. Rg1 Rcf8 1/2-1/2

[Event "Berdsk Maestro op 14th"]
[Site "Berdsk"]
[Date "2008.07.11"]
[Round "4"]
[White "Loginov, Vladislav"]
[Black "Beletsky, Alexey"]
[Result "1-0"]
[WhiteElo "2106"]
[BlackElo "2357"]
[PlyCount "91"]
[EventDate "2008.07.08"]
[EventType "swiss"]
[EventRounds "9"]
[EventCountry "RUS"]
[SourceTitle "CBM 125 Extra"]
[Source "ChessBase"]
[SourceDate "2008.09.01"]
[SourceVersion "1"]
[SourceVersionDate "2008.09.01"]
[SourceQuality "1"]

1. c4 c5 2. Nf3 Nf6 3. Nc3 d5 4. cxd5 Nxd5 5. g3 g6 6. Bg2 Bg7 7. 0-0 0-0 8. Nxd5 Qxd5 9. d3 Nc6 10. Be3 Bd7 11. Nd4 Qd6 12. Nxc6 Bxc6 13. Bxc6 Qxc6 14. Rc1 Bxb2 15. Rxc5 Qd6 16. Rb5 Bf6 17. Rxb7 a5 18. Qa4 Rfc8 19. Rc1 Rxc1+ 20. Bxc1 h5 21. Bf4 Qe6 22. Be3 h4 23. Qb3 Qc8 24. a4 h3 25. f3 Kg7 26. Rb5 Ra6 27. Rc5 Qd7 28. Qb5 Qe6 29. Kf2 Kh7 30. Qc4 Qxc4 31. Rxc4 g5 32. Bd4 Bxd4+ 33. Rxd4 f5 34. Rd7 Kg6 35. Rxe7 Rb6 36. Ra7 Rb1 37. g4 f4 38. Ra6+ Kg7 39. Rxa5 Kg6 40. Ra6+ Kg7 41. Ra7+ Kg6 42. a5 Rh1 43. a6 Rxh2+ 44. Kg1 Rxe2 45. Ra8 Rg2+ 46. Kh1 1-0

[Event "Novosibirsk April op"]
[Site "Novosibirsk"]
[Date "2008.04.12"]
[Round "8"]
[White "Roppel, Konstantin"]
[Black "Loginov, Vladislav"]
[Result "0-1"]
[WhiteElo "2296"]
[BlackElo "2046"]
[PlyCount "78"]
[EventDate "2008.04.05"]
[EventType "swiss"]
[EventRounds "9"]
[EventCountry "RUS"]
[SourceTitle "EXT 2010"]
[Source "ChessBase"]
[SourceDate "2010.11.25"]
[SourceVersion "1"]
[SourceVersionDate "2010.11.25"]
[SourceQuality "1"]

1. d4 d5 2. Nf3 Nf6 3. Bf4 e6 4. e3 Be7 5. Bd3 c5 6. c3 Nbd7 7. Nbd2 b6 8. h3 Bb7 9. 0-0 0-0 10. Ne5 Ne4 11. Ndf3 Ndf6 12. Qe2 a6 13. Rad1 b5 14. dxc5 Bxc5 15. a3 Qb6 16. Nd4 Bd6 17. Ng4 Bxf4 18. exf4 Qc7 19. g3 Nd7 20. Kh2 Rae8 21. f3 Nec5 22. Rfe1 f6 23. Bb1 e5 24. Nf5 g6 25. Ngh6+ Kh8 26. Nh4 Kg7 27. Ng4 h5 28. Nxg6 hxg4 29. Nxf8 Rxf8 30. fxe5 fxe5 31. f4 e4 32. Qxg4+ Kf7 33. b4 Nf6 34. Qh4 Na4 35. Re3 Qc8 36. Qg5 Rg8 37. Qe5 Rh8 38. Kg1 Nb2 39. Rf1 Nc4 0-1

[Event "Novosibirsk April op"]
[Site "Novosibirsk"]
[Date "2008.04.11"]
[Round "7"]
[White "Loginov, Vladislav"]
[Black "Tuzhik, Artem"]
[Result "1-0"]
[WhiteElo "2046"]
[BlackElo "2328"]
[PlyCount "31"]
[EventDate "2008.04.05"]
[EventType "swiss"]
[EventRounds "9"]
[EventCountry "RUS"]
[SourceTitle "EXT 2010"]
[Source "ChessBase"]
[SourceDate "2010.11.25"]
[SourceVersion "1"]
[SourceVersionDate "2010.11.25"]
[SourceQuality "1"]

1. c4 e5 2. g3 Nf6 3. Bg2 d5 4. cxd5 Nxd5 5. Nc3 Nb6 6. Nf3 Nc6 7. 0-0 Be7 8. a3 a5 9. d3 0-0 10. Be3 Re8 11. Na4 Nd5 12. Bc5 Bxc5 13. Nxc5 b6 14. Qa4 Nb8 15. Ne4 c5 16. Nd6 1-0